| 000 | 01357nam a22002537a 4500 | ||
|---|---|---|---|
| 003 | Uzh_bibl | ||
| 008 | 260416b |||||||| |||| 00| 0 ukr d | ||
| 020 |
_a5-11-003927-5 _c18,45 |
||
| 040 | _bукр. | ||
| 041 |
_2ukr _aukr |
||
| 080 | _a821.161.2 | ||
| 090 |
_a821.161.2 _bУ 45 |
||
| 100 | _a- | ||
| 245 |
_aУкраїнська дитяча література _bХрестоматія частина 2 _cУпоряд. І.А.Луценко; А.М.Подолинський; Б.Й.Чайковський _hТекст |
||
| 260 |
_aКиїв _b"Вища Школа" _c1992 |
||
| 300 |
_a286 с. _fВ опр. |
||
| 520 | _aХрестоматія містить твори та уривки з творів українських сучасних письменників для дітей. До кожного розділу дано кортку характеристику певного етапу розвитку української дитячої літератури, короткі відомості про письменників. | ||
| 521 | _aДля широкого кола читачів | ||
| 546 | _aукр. | ||
| 650 | _aЛітературно-художнє видання | ||
| 653 |
_aЛіси _aЛуги _a Льодяне царство |
||
| 655 |
_aХудожня література _vКазки |
||
| 942 |
_2udc _cBK |
||
| 999 |
_c17358 _d17358 |
||